000 00716nam a2200289Ia 4500
005 20260324121209.0
008 008 260324s9999 xx 000 0 eng d
020 _a9781351217347
037 _aEBOOK
040 _aCRL
040 _beng
040 _cCRL
041 _2eng
041 _aeng
084 _qCRL
100 _aJoan P. Gipe; Nancy L. Cecil; Merrill E. Marcy
_91161578
245 0 _aLiteracy in Grades 4-8
245 0 _bBest Practices for a Comprehensive Program
260 _bTaylor and Francis
260 _c2014
365 _a
365 _b230
856 _uhttp://www.taylorfrancis.com/books/9781351217347
942 _cEBOOK
999 _c1753523
_d1753523